Masochism : an interpretation of coldness and cruelty = Masoquismo, una interpretación de frialdad y crueldad /
Gardado en:
| Autor Principal: | |
|---|---|
| Formato: | Desconocido |
| Idioma: | English |
| Publicado: |
New York :
Braziller,
1971.
|
| Materias: | |
| Etiquetas: |
Engadir etiqueta
Sen Etiquetas, Sexa o primeiro en etiquetar este rexistro!
|
MARC
| LEADER | 000000000a22000000004500 | ||
|---|---|---|---|
| 001 | 013954 | ||
| 020 | |a 0807605611 | ||
| 041 | 0 | |a eng | |
| 082 | 0 | 4 | |a 833.8 |b D348m |
| 100 | 1 | |a Deleuze, Gilles, |d 1925-1995. | |
| 245 | 1 | 0 | |a Masochism : |b an interpretation of coldness and cruelty = Masoquismo, una interpretación de frialdad y crueldad / |c Gilles Deleuze. |
| 246 | 3 | 1 | |a Masoquismo, una interpretación de frialdad y crueldad |
| 260 | 1 | |a New York : |b Braziller, |c 1971. | |
| 300 | |a 248 páginas ; |c 22 cm. | ||
| 650 | 4 | |a SACHER MASOCH, LEOPOLD, 1835-1895 | |
| 650 | 4 | |a CRITICA | |
| 650 | 4 | |a INTERPRETACION | |
| 650 | 4 | |a HISTORIA | |
| 650 | 4 | |a CRITICA | |
| 650 | 4 | |a SADISMO | |
| 650 | 4 | |a MASOQUISMO | |
| 500 | |a Colección George Yúdice | ||
| 999 | |c 19862 |d 19862 | ||
| 942 | |c BK |h 833.8 D348m |2 z | ||



